| 000 | 00611nam a2200181Ia 4500 | ||
|---|---|---|---|
| 008 | 090124s9999 xx 000 0 und d | ||
| 082 | _b20573 | ||
| 100 | _aकोल्हटकर श्रीपद कृष्ण | ||
| 245 | _a संगीत मूक नायक | ||
| 250 | _a3 | ||
| 260 | _c1964 | ||
| 300 | _a105+35 | ||
| 600 | _aकोल्हटकर श्रीपद कृष्ण | ||
| 630 | _a संगीत मूक नायक | ||
| 700 | _aकोल्हटकर श्रीपद कृष्ण | ||
| 730 | _a संगीत मूक नायक | ||
| 942 | _cBOOK | ||
| 999 |
_c134377 _d134377 |
||